000 00510nam a2200181Ia 4500
005 20250326140643.0
008 250326s9999 xx 000 0 und d
037 _aTextbook
040 _aFMSL
_beng
_cFMSL
041 _aeng
_2eng
084 _a2.4451n N9
_qFMSL
100 _aBhatia M
_971111
245 0 _aDirectory of libraries in Delhi
_cBhatia M; Bhatia S K
260 _aNew Delhi
_bNew Delhi, Reliance
_c2000
300 _a462p
942 _cTB
_h2.4451n N9
999 _c1286752
_d1286752